00537nam a2200121 a 4500008004100000050002400041110006000065245012500125260007700250300001500327650004100342650003200383150916s2014 ||||||||||||||||| || u aZIPAR(05)ZQ/2014/1A aZambia Institute for Policy Analysis & Research (ZIPAR)14aThe ZIPAR quarterly: Lusaka needs public transport reformscBy Zambia Institute for Policy Analysis and Research (ZIPAR) aLusaka:bZambia Institute for Policy Analysis and Research (ZIPAR)c2014 a23p.: ill. aZAMBIA--ECONOMIC POLICY--PERIODICALS aZAMBIA--ECONOMIC CONDITIONS